00552nam a22001697a 450000500170000001000150001702000260003203500140005803700130007208200160008524500550010125000110015626000470016727001160021430000300033070000220036020230406163042.0 aENG-136642 c995.00a9788173055492 aEN-120174 bDBAD/PUB a726.145095400aThe Architecture Of The Hindus/cEdited By Ram Raz aFirst  bAryan Books InternationalaNew Delhic2016 bNew Delhie110002aPooja Apartments, 4B, Ansari Road k23287589k23255799l91-11-23270385maryanbooks@gmail.com axv,vpp.;c28cm(hbk)bill. aRaz, Ram eEditor